Sports Quiz

Random Sports or Soccer Quiz

Belgian Goalscorers 2012 Quiz Stats

 Plays Quiz not verified by Sporcle

Score 0/10 Timer 05:00
0 Plays Today
% Correct
Eden Hazard
90.9%
Romelu Lukaku
86.4%
Christian Benteke
81.8%
Dries Mertens
81.8%
Kevin De Bruyne
77.3%
Kevin Mirallas
72.7%
Jan Vertonghen
45.5%
Nacer Chadli
36.4%
Vincent Kompany
31.8%
Guillaume Gillet
31.8%

You're not logged in!

Compare scores with friends on all Sporcle quizzes.
Join for Free
OR
Log In

You Might Also Like...

Show Comments

Extras

Top Quizzes Today


Score Distribution

Your Account Isn't Verified!

In order to create a playlist on Sporcle, you need to verify the email address you used during registration. Go to your Sporcle Settings to finish the process.

Report this User

Report this user for behavior that violates our Community Guidelines.

Details: